The second machine age (Record no. 2725)

000 -LEADER
fixed length control field 00835nam a2200265Ia 4500
007 - PHYSICAL DESCRIPTION FIXED FIELD--GENERAL INFORMATION
fixed length control field ta
008 - FIXED-LENGTH DATA ELEMENTS--GENERAL INFORMATION
fixed length control field 230330t2016||||xxua ||gd|||||||1 ||eng||
020 ## - INTERNATIONAL STANDARD BOOK NUMBER
International Standard Book Number 9780393350647
Terms of availability $ 17.95
040 ## - CATALOGING SOURCE
Original cataloging agency IMU Kochi Library
Language of cataloging eng
041 0# - LANGUAGE CODE
Language code of text/sound track or separate title eng
044 ## - COUNTRY OF PUBLISHING/PRODUCING ENTITY CODE
MARC country code New York (State)
082 04 - DEWEY DECIMAL CLASSIFICATION NUMBER
Edition number 23
Classification number 303.483
Item number B846
100 1# - MAIN ENTRY--PERSONAL NAME
Personal name Brynjolfsson, Erik
245 10 - TITLE STATEMENT
Title The second machine age
Sub Title : work, progress, and prosperity in a time of brilliant technologies /
260 ## - PUBLICATION, DISTRIBUTION, ETC. (IMPRINT)
Place of publication, distribution, etc Newyork :
Name of publisher, distributor, etc W. W. Norton & Company,
Date of publication, distribution, etc 2016
300 ## - PHYSICAL DESCRIPTION
Extent xiv, 306 p. ;
Dimensions 21 cm.
650 #0 - SUBJECT ADDED ENTRY--TOPICAL TERM
Topical term or geographic name as entry element Information technology
General subdivision Economic aspects
650 #0 - SUBJECT ADDED ENTRY--TOPICAL TERM
Topical term or geographic name as entry element Economic development
General subdivision Technological innovations
650 #0 - SUBJECT ADDED ENTRY--TOPICAL TERM
Topical term or geographic name as entry element Progress
General subdivision Social aspects
650 #0 - SUBJECT ADDED ENTRY--TOPICAL TERM
Topical term or geographic name as entry element Social stratification
700 ## - ADDED ENTRY--PERSONAL NAME
Personal name McAfee, Andrew
Relator term Joint Author
852 ## - LOCATION/CALL NUMBER
Location IMU Kochi Library
904 ## - LOCAL DATA ELEMENT D, LDD (RLIN)
CATALOGER Akhil Bose
942 ## - ADDED ENTRY ELEMENTS (KOHA)
Item type Books
Holdings
Withdrawn status Lost status Source of classification or shelving scheme Damaged status Not for loan Collection code Permanent location Current location Shelving location Date acquired Source of acquisition Cost, normal purchase price Full call number Barcode Date last seen Koha item type Public note
          Management Studies IMU Kochi Library IMU Kochi Library General Stacks 2023-03-30 M/S T V Enterprises (Inv. No. 788/22-23 Dt. 2023-03-23) 1474.59 303.483 B846 BK006160 2023-06-19 Books Gen. Shelf-3, Row-1


Copyright © All Rights Reserved by Indian Maritime University, Kochi Campus.
For any Suggestions/Query Contact to library or Email: library.kochi@imu.ac.in Ph:(0484)-2989402
(Web OPAC Designed by Rudra Ranjan. Maintained by IMU Kochi Library)

Powered by Koha